Hand Book on Herbal Drugs and its Plant Sources / (Record no. 177738)

MARC details
000 -LEADER
fixed length control field 00476nam a22001577a 4500
010 ## - LCCN (DPL NO)
LC control number B-168043
020 ## - INTERNATIONAL STANDARD BOOK NUMBER
International Standard Book Number 8186623736
Terms of availability 1000.00
035 ## - SYSTEM CONTROL NUMBER
System control number B-168043
082 ## - DEWEY DECIMAL CLASSIFICATION NUMBER
Classification number 615.321
100 ## - MAIN ENTRY--PERSONAL NAME
Personal name Panda, H.
245 ## - TITLE STATEMENT
Title Hand Book on Herbal Drugs and its Plant Sources /
Statement of responsibility, etc H. Panda
260 ## - PUBLICATION, DISTRIBUTION, ETC. (IMPRINT)
Place of publication, distribution, etc Delhi
Name of publisher, distributor, etc National Institute of Industrial Research
270 ## - ADDRESS
Address 106-E, Kamla Nagar, Delhi-110007
300 ## - PHYSICAL DESCRIPTION
Extent 565p.
Other physical details 21cm. (HB)
942 ## - ADDED ENTRY ELEMENTS (KOHA)
Source of classification or shelving scheme Dewey Decimal Classification
Item type English Books
Classification part 615.321
Call number suffix PAN
Holdings
Withdrawn status Lost status Not for loan Collection code Home library Current library Date acquired Cost, normal purchase price Full call number Barcode Copy number Cost, replacement price Koha item type
      Non-fiction Central Library Central Library 27/02/2021 1000.00 615.321 PAN B-168043 1 1000.00 English Books

© Delhi Public Library
Hit Counter
free hit counter